| 000 | 00413nam a2200133 a 4500 | ||
|---|---|---|---|
| 001 | 000043780 | ||
| 005 | 20201002044951.0 | ||
| 008 | 140428s1996 dr 000 0 spa d | ||
| 040 |
_aDO-SdBNP _bspa _cBNPHU |
||
| 100 | 1 |
_aPimentel, Miguel A. _954054 |
|
| 245 | 1 | 0 |
_aRazón, fe y poder en la era de Trujillo / _cMiguel A. Pimentel. |
| 260 |
_a[Santo Domingo] : _bTexto Estilo, _c1996. |
||
| 300 |
_av. (113) p. ; _c22 cm. |
||
| 999 |
_c43269 _d43269 |
||